Condición de los hijos de extranjero nacidos en Venezuela según el artículo 5º de la nueva Constitución de aquella República (Record no. 43231)

MARC details
000 -LEADER
campo de control de longitud fija 00998nam a2200217 i 4500
001 - NÚMERO DE CONTROL
campo de control 43231
003 - IDENTIFICADOR DE NÚMERO DE CONTROL
campo de control ES-MaACL
005 - FECHA Y HORA DE LA ÚLTIMA TRANSACCIÓN
campo de control 20230906160745.0
007 - CAMPO FIJO DE DESCRIPCIÓN FÍSICA--INFORMACIÓN GENERAL
campo de control de longitud fija t|
008 - DATOS DE LONGITUD FIJA--INFORMACIÓN GENERAL
campo de control de longitud fija 030317s1894 sp ||||1| spa d
100 1# - ENTRADA PRINCIPAL--NOMBRE DE PERSONA
Nombre de persona Castro y Casaleiz, Antonio de.
9 (RLIN) 36968
245 10 - MENCIÓN DEL TÍTULO
Título Condición de los hijos de extranjero nacidos en Venezuela según el artículo 5º de la nueva Constitución de aquella República
Resto del título : informe sometido al ... sr. Segismundo Moret /
Mención de responsabilidad, etc. por Antonio de Castro y Casaleiz.
260 ## - PUBLICACIÓN, DISTRIBUCIÓN, ETC.
Lugar de publicación, distribución, etc. Madrid :
Nombre del editor, distribuidor, etc. [s.n.],
Fecha de publicación, distribución, etc. 1894 (
Fabricante Tomás Minuesa de los Rios)
300 ## - DESCRIPCIÓN FÍSICA
Extensión 21 p. ;
Dimensiones 26 cm.
500 ## - NOTA GENERAL
Nota general "Publicado de orden del Sr. Ministro de Estado en el Boletín Oficial del Ministerio del mes de enero de 1894"
530 ## - NOTA DISPONIBLE DE FORMULARIO FÍSICO ADICIONAL
Nota de formato físico adicional disponible Disponible en formato digital.
650 #4 - PUNTO DE ACCESO ADICIONAL DE MATERIA--TÉRMINO DE MATERIA
Término de materia o nombre geográfico como elemento de entrada Nacionalidad-
Subdivisión geográfica Venezuela.
9 (RLIN) 157517
650 #4 - PUNTO DE ACCESO ADICIONAL DE MATERIA--TÉRMINO DE MATERIA
Término de materia o nombre geográfico como elemento de entrada Naturalización-
Subdivisión geográfica Venezuela.
9 (RLIN) 157518
852 ## - LOCALIZACIÓN
Ubicación ES-MaACL
Número de control de estantería T-980-F-9
856 ## - LOCALIZACIÓN Y ACCESO ELECTRÓNICOS
Identificador Uniforme de Recursos <a href="http://bdh-rd.bne.es/viewer.vm?id=0000079513&page=1 ">http://bdh-rd.bne.es/viewer.vm?id=0000079513&page=1 </a>
Nota pública Biblioteca Digital Hispánica
Holdings
Estatus retirado Estado de pérdida Estado de daño No para préstamo Colección Biblioteca de origen Biblioteca actual Ubicación en estantería Fecha de adquisición Fuente de adquisición Total de préstamos Signatura topográfica completa Código de barras Visto por última vez Precio de reemplazo Tipo de ítem Koha
        Colección de folletos Biblioteca del Ateneo de Madrid Biblioteca del Ateneo de Madrid Depósito folletos 17/01/2008     T-980-F-9 1045507 23/02/2023 23/02/2023 Folleto